Catálogo público

Propiedades reológicas dinámicas de geles formados por mezclas Gelana-Xantana y Gelana-i-Carragenina / (Record no. 171296)

MARC details
000 -CABECERA
campo de control de longitud fija 04946nam a2200397 a 4500
001 - NÚMERO DE CONTROL
campo de control dia_747
003 - IDENTIFICADOR DEL NÚMERO DE CONTROL
campo de control CHAP
005 - FECHA Y HORA DE LA ÚLTIMA TRANSACCIÓN
campo de control 20251205105925.0
007 - CAMPO FIJO DE DESCRIPCIÓN FÍSICA--INFORMACIÓN GENERAL
campo de control de longitud fija ta
008 - DATOS DE LONGITUD FIJA--INFORMACIÓN GENERAL
campo de control de longitud fija 220117s1997 mx ado frm 001 0 spa d
010 ## - NÚMERO DE CONTROL DE LA BIBLIOTECA DEL CONGRESO
Número de control de LC 171296
040 ## - FUENTE DE LA CATALOGACIÓN
Centro/agencia transcriptor CHAP
Centro catalogador/agencia de origen mxchpua
041 0# - CÓDIGO DE LENGUA
Código de lengua del texto/banda sonora o título independiente spa
090 ## - LOCALMENTE ASIGNADO TIPO-LC NÚMERO DE CLASIFICACIÓN (OCLC); NÚMERO DE CLASIFICACIÓN LOCAL (RLIN)
Número de clasificación (OCLC) (R) ; Numero de clasificación, CALL (RLIN) (NR) Tesis
Número cutter local (OCLC) ; Número de libro/Signatura topográfica íntegra, CALL (RLIN) R632
año 1997
100 1# - ENTRADA PRINCIPAL--NOMBRE DE PERSONA
Nombre de persona Rodríguez Hernández, Adriana Inés
245 10 - MENCIÓN DE TÍTULO
Título Propiedades reológicas dinámicas de geles formados por mezclas Gelana-Xantana y Gelana-i-Carragenina /
Mención de responsabilidad, etc. Adriana Inés Rodríguez Hernández
264 ## - PRODUCCIÓN, PUBLICACIÓN, DISTRIBUCIÓN, FABRICACIÓN Y COPYRIGHT
Producción, publicación, distribución, fabricación y copyright México :
Nombre del de productor, editor, distribuidor, fabricante El autor,
Fecha de producción, publicación, distribución, fabricación o copyright 1997
300 ## - DESCRIPCIÓN FÍSICA
Extensión xii, 172 hojas :
Otras características físicas ilustraciones, tablas, gráficas, fotografías
336 ## - TIPO DE CONTENIDO
Fuente rdacontent
Término de tipo de contenido texto
Código de tipo de contenido txt
337 ## - TIPO DE MEDIO
Fuente rdamedia
Nombre/término del tipo de medio no mediado
Código del tipo de medio n
338 ## - TIPO DE SOPORTE
Fuente rdacarrier
Nombre/término del tipo de soporte volumen
Código del tipo de soporte nc
502 ## - NOTA DE TESIS
Nota de tesis Tesis
Tipo de título (M. C. en Ciencia de Alimentos) --
Nombre de la institución que otorga el título UNAM. Facultad de Química,
Año de obtención del título 1997
504 ## - NOTA DE BIBLIOGRAFÍA, ETC.
Nota de bibliografía, etc. Bibliografía: hojas 137-140
520 3# - SUMARIO, ETC.
Sumario, etc. En las últimas décadas, el uso de mezclas de polisacáridos en sistemas alimenticios ha abierta la posibilidad de obtener una gama mas amplia de texturas y una combinación de propiedades reológicas. Por ejemplo, es frecuente encontrar casos en donde se requiere mezclar un polisacárido gelificante con un no gelificante para uiluir"atributos de textura proporcionados por el primero e impartir caracteristicas propias de un agente no gelificante (estabilidad a procesos térmicos e inhibición de la exudación del disolvente) o hacer uso de mezclas de polisacáridos gelificantes, particularmente cuando éstos muestran sinergismo o cuando se requiere obtener una combinación de propiedades mecánicas y de atributos de textura. Lo anterior motivó a estudiar las propiedades reológicas dinámicas en sistemas constituidos pormezclás de hidrocoloides gelificante-gelificante (gelana---carragenina)y gelificante-no gelificante (gelana-xantana), a partir de cizalla oscilatoria de pequeña amplitud con la finalidad de determinar la contribución de los diferentes polisacáridos sobre el espectro mecánico dinámico y cuantificar posibles interacciones sinérgicas en las mezclas. Se prepararon geles con concentración total de polisacárido de 0.5% variando la proporción de cada componente en la mezcla, para promover la gelificación se adicionó CaCl2 0.01 mol/kg y se determinó usar como tiempo de envejecimiento previo a las pruebas reológicas, 48 horas a temperatura de refrigeración. Se llevaron a cabo pruebas de cizalla oscilatoria de pequeña amplitud a 25 °C, en un Reómetro Haake Rotovisco RV 20 CV 20N, usando geometrias de placas paralelas y cono y placa de acuerdo a las condiciones fisicas de la muestra. Todas lasdeterminaciones reológicas se realizaron en la region lineal viscoelástica observándose mayor repetibilidad en el límite superior de ésta. Los módulos de almacenamiento de los geles en ambos sistemas de mezclas, presentaron valores decrecientes conforme el contenido de gelana disminuia en la mezcla, sin embargo las caracteristicas elásticas del gel, interpretadas a través de los valores de tangente de delta, no mostraron la misma tendencia; geles con contenido de gelana en la mezcla menor o igual al 50% presentaron caracteristicas elásticas ligeramente mayores a las mezclas restantes, incluyendo a los geles de gelana sola a igual concentración total. Lo anterior hace suponer la existencia de diferentes tipos de agregación de cadenas o zonas de unión que por ser de naturaleza diferente tienen tiempos de relajación también diferentes, por lo que es posible que aldisminuir la proporción de gelana en la mezcla, las redes del hidrocoloide compiementario, las cuales poseen valores mas pequefos de G', hacen descender los modulos de almacenamiento del gel binario pero contribuyen a la elasticidad global del gel. De la revisión bibliográfica y de la discusión de resultados surge la hipbtesis de. incompatibilidad termodinámica", lo cual explicaría: la disminución de G' y G"en las mezclas en relación a gelana sola a igual concentración y la disminución de G' en los geles binarios en comparación con geles monocomponentes de gelana, con igual contenido de ésta a pesar de tener menores concentraciones totales de hidrocoloide. Finalmente, los datos experimentales de G' y G" se ajustaron al Modelo generalizado de Maxwell por medio de regresion no lineal, obteniendo un ajuste satisfactorio cuando se usaron cuatro elementos del espectro de relajación.
650 13 - PUNTO DE ACCESO ADICIONAL DE MATERIA--TÉRMINO DE MATERIA
Término de materia o nombre geográfico como elemento de entrada Geles de carragenano
Fuente del encabezamiento o término atg
650 13 - PUNTO DE ACCESO ADICIONAL DE MATERIA--TÉRMINO DE MATERIA
Término de materia o nombre geográfico como elemento de entrada Geles
Subdivisión general Propiedades sensoriales
Fuente del encabezamiento o término atg
650 13 - PUNTO DE ACCESO ADICIONAL DE MATERIA--TÉRMINO DE MATERIA
Término de materia o nombre geográfico como elemento de entrada Goma xantana
Fuente del encabezamiento o término atg
650 13 - PUNTO DE ACCESO ADICIONAL DE MATERIA--TÉRMINO DE MATERIA
Término de materia o nombre geográfico como elemento de entrada Gels
Subdivisión general Sensory properties
Fuente del encabezamiento o término atg
650 13 - PUNTO DE ACCESO ADICIONAL DE MATERIA--TÉRMINO DE MATERIA
Término de materia o nombre geográfico como elemento de entrada Carrageenan gels
Fuente del encabezamiento o término atg
650 13 - PUNTO DE ACCESO ADICIONAL DE MATERIA--TÉRMINO DE MATERIA
Término de materia o nombre geográfico como elemento de entrada Xanthan gum
Fuente del encabezamiento o término atg
700 1# - PUNTO DE ACCESO ADICIONAL--NOMBRE DE PERSONA
Nombre de persona Tecante Coronel, Alberto
Término indicativo de función/relación director
901 ## - ELEMENTOS DE DATOS A LOCAL LDA (RLIN)
a TESIS R632 1997
942 ## - ELEMENTOS DE PUNTO DE ACCESO ADICIONAL (KOHA)
Tipo de ítem Koha TESIS
Fuente del sistema de clasificación o colocación Clasificación Universidad Autónoma Chapingo
902 ## - ELEMENTOS DE DATOS B LOCAL, LDB (RLIN)
a M
905 ## - ELEMENTOS DE DATOS E LOCAL, LDE (RLIN)
a 5232271997 mx nma 8223123322spa16
Holdings
Estado de retiro Estado de pérdida Fuente del sistema de clasificación o colocación Estado dañado Restricciones de uso No para préstamo Código de colección Localización permanente Ubicación/localización actual Fecha de adquisición Fuente de adquisición Total de préstamos Signatura topográfica completa Código de barras Fecha visto por última vez Número de copia Precio válido a partir de Tipo de ítem Koha
    Clasificación Universidad Autónoma de Chapingo   Préstamo interno   Tesis Ingenieria Agroindustrial Ingenieria Agroindustrial 18/01/2022 El autor   Tesis R632 1997 1101000609 02/02/2026 Ej.1 18/01/2022 Tesis